|
|
|
|
| LEADER |
00000nam a2200000 a 4500 |
| 001 |
vtls001356901 |
| 003 |
SK-MaSNL |
| 005 |
20260301114952.0 |
| 008 |
160415s1998 xo ag y 0 slo |
| 015 |
|
|
|a SNBE1999/02-00777
|
| 020 |
|
|
|a 8096808222
|
| 035 |
|
|
|a SNK000310391
|
| 040 |
|
|
|a SNK
|b slo
|c SNK
|e AACR2
|
| 041 |
0 |
|
|a slo
|
| 044 |
|
|
|a xo
|c SK
|
| 080 |
|
|
|a 655+681.6+621.798:339.174(083.9)
|2 1981
|
| 080 |
|
|
|a 681.6
|2 1981
|
| 080 |
|
|
|a 621.798
|2 1981
|
| 111 |
1 |
|
|a Printing
|n (8. :
|d 1998 :
|c Bratislava, Slovensko)
|4 aut
|9 36397
|
| 245 |
1 |
|
|a Expo. Printing
|b Bratislava-Incheba 10.-13. novembra 1998
|
| 260 |
|
|
|a Bratislava
|b Tatiana Hagarová - VALR
|c 1998
|
| 300 |
|
|
|a 8 s.
|b fareb. fotogr., rekl.
|c 42x30 cm
|
| 500 |
|
|
|a Vydané v spolupráci s A-21, reklamná agentúra
|
| 610 |
0 |
7 |
|a Printing
|b 8.
|d 1998
|x veľtrhy medzinárodné
|x spravodaje
|2 SNK
|9 459216
|
| 611 |
1 |
7 |
|a Printing
|n 8.
|d 1998
|c Bratislava, Slovensko
|x veľtrhy medzinárodné
|x spravodaje
|2 SNK
|9 459217
|
| 651 |
|
7 |
|a Bratislava (Slovensko)
|2 SNK
|
| 655 |
|
7 |
|a informačné publikácie
|2 SNK
|9 70181
|
| 710 |
0 |
|
|a A-21 (reklamná agentúra)
|4 vyd
|9 31971
|
| 919 |
|
|
|a 80-968082-2-2
|
| 958 |
|
|
|a TL
|
| 999 |
|
|
|c 720433
|d 722363
|
| 952 |
|
|
|a SNK
|b SNK
|y PREZ
|7 0
|p 17A0183653
|o snkOSA 515
|i snkKSP 2354/99
|0 0
|1 0
|4 0
|d 1999-03-09
|l 0
|r 2005-01-02 00:00:00
|w 2026-02-23
|
| 952 |
|
|
|a SNK
|b SNK
|y PREZ
|7 0
|p 17A1151697
|o snkOSA 515 D1
|i snkKSP 2355/99
|0 0
|1 0
|4 0
|d 1999-03-09
|l 0
|r 2005-01-02 00:00:00
|w 2026-02-23
|
| 952 |
|
|
|a SNK
|b SNK
|y NEVYP
|7 0
|o snkB 142
|0 0
|1 0
|4 0
|d 2017-07-06
|l 0
|r 2026-02-23 21:58:06
|w 2026-02-23
|